| 000 | 00403nam a22001697a 4500 | ||
|---|---|---|---|
| 003 | CEME | ||
| 005 | 20210628204123.0 | ||
| 008 | 210309b xxu||||| |||| 00| 0 eng d | ||
| 020 | _a81-85814-00-4 | ||
| 040 | _c. | ||
| 082 | _a658.787 MEN'P | ||
| 100 |
_aMenon, K. S _968832 |
||
| 245 | _aPurchasing and inventory control | ||
| 260 |
_aNEWDELHI _bWHEELAR _c1993 |
||
| 300 | _a553P | ||
| 942 |
_cBK _2ddc |
||
| 999 |
_c576290 _d576290 |
||